Electronic conveyancing (Record no. 105870)

MARC details
000 -LEADER
fixed length control field 00928cam a2200229 4500
001 - CONTROL NUMBER
control field L134969
008 - FIXED-LENGTH DATA ELEMENTS--GENERAL INFORMATION
fixed length control field 060913n2006 000 0 eng u
020 ## - INTERNATIONAL STANDARD BOOK NUMBER
International Standard Book Number 0421965002 $9 780421965002
035 ## - SYSTEM CONTROL NUMBER
System control number (Sirsi) u134969
041 0# - LANGUAGE CODE
Language code of text/sound track or separate title eng
050 04 - LIBRARY OF CONGRESS CALL NUMBER
Classification number 346.410438 $2 18
100 ## - MAIN ENTRY--PERSONAL NAME
Personal name Butt, Paul
245 00 - TITLE STATEMENT
Title Electronic conveyancing
Remainder of title A practical guide
260 ## - PUBLICATION, DISTRIBUTION, ETC.
Place of publication, distribution, etc. London
Name of publisher, distributor, etc. Sweet and Maxwell
Date of publication, distribution, etc. 2006
300 ## - PHYSICAL DESCRIPTION
Extent 71p.
Dimensions 22cm.
350 ## - PRICE (NR) (BK AM CF MU VM SE) [OBSOLETE]
Price 49
505 0# - FORMATTED CONTENTS NOTE
Formatted contents note Why e-conveyancing? -- How will it work? - outline of a typical e-conveyancing transaction -- Where are we now? - Getting ready for e-conveyancing - Will it work?
520 ## - SUMMARY, ETC.
Summary, etc. Provides guidance on the new laws surrounding e-conveyancing. Explains the processes and procedures involved so practitioners are fully prepared to deal with the changes.
590 ## - LOCAL NOTE (RLIN)
Local note KA
690 ## - LOCAL SUBJECT ADDED ENTRY--TOPICAL TERM (OCLC, RLIN)
Topical term or geographic name as entry element PROPERTY-PROPERTY ACQUISITION AND DISPOSAL-CONVEYANCING-ECONVEYANCING
942 ## - ADDED ENTRY ELEMENTS (KOHA)
Suppress in OPAC 0
Holdings
Withdrawn status Lost status Source of classification or shelving scheme Damaged status Not for loan Home library Current library Shelving location Date acquired Cost, normal purchase price Total Checkouts Full call number Barcode Date last seen Copy number Cost, replacement price Price effective from Koha item type
    Dewey Decimal Classification     London London Books 14/12/2006 49.00   346.410438 BUT 30073470 06/08/2019 1 49.00 06/08/2019 Book